000 00211 a2200097 4500
003 Nust
005 20170207154009.0
040 _cNust
245 _aMicrosoft Win32 Internet Functions Overview (E-Book)
300 _a244 P;
651 _a(E-Book)
999 _c191142
_d191142